| 000 | 00609nam a2200193 4500 | ||
|---|---|---|---|
| 001 | 3095 | ||
| 005 | 20181127170453.0 | ||
| 010 | 0 | 0 | _a |
| 020 | 0 | 0 | _a0072295120 |
| 100 | 0 | 0 | _aJarrell, Willoughby G. |
| 245 | 0 | 0 |
_aInstructor's manual and test bank to accompany "We the people: a concise introduction to American politics" / _b _cWilloughby G. Jarrell. _h |
| 250 | 0 | 0 | _a |
| 260 | 0 | 0 |
_aBoston : _bMcGraw-Hill, _c2000. |
| 300 | 0 | 0 | _av, 445 p. |
| 500 | 0 | 0 | _a |
| 650 | 0 | 0 |
_a _x |
| 650 | 0 | 0 |
_aUnited States --Politics and government. _x |
| 650 | 0 | 0 |
_aUnited States--Politics and government--Study and teaching (Higher). _x |
| 999 |
_c2494 _d2494 |
||